000 nam a22 7a 4500
999 _c8352
_d8352
008 180111b ||||| |||| 00| 0 eng d
100 _94767
_aJAISWAL.J.N ET AL
245 _aPRACTICAL PHYSICS-XI
260 _aNEW DELHI
_bLAXMI PUB
_c2012